000 004140000a22001450004500
003 LK-CoMWRAF
008 230817t ||||| |||| 00| 0 eng d
040 _aLK-CoMWRAF
_dLK-CoMWRAF
_eLK-CoMWRAF
041 _aeng
082 _a150
_bRAZ
245 _aMuslimgal,islam meedana purindunaravu(Understanding Islam And The Muslim)
_b
260 _aWashington
_bThe Islamic Affairs Department
300 _ap.28
942 _cBK
999 _c419
_d419